1103 1396 1961 1264 1939 1136 1498 1422 1909 1666 1717 1849 1141 1663 1706 1723 1884 1228 1850 1805 1981 1991 1409 1662 1694 1937 1282 1854 1306 1054 1035 1822 1896 1763 1543 1535 1510 1002 1939 1237 1993 1042 1961 1698 1412 1280 1528 1366 1152 1169 1698 1218 1230 1126 1885 1800 1538 1151 1739 1766 1600 1599 1147 1552 1094 1995 1426 2000 1434 1825 1490 1196 1467 1527 1195 1356 1338 1925 1920 1785 1198 1806 1993 1281 1932 1745 1730 1449 1288 1402 1267 1279 1714 1090 1681 1648 1654 1504 1259 BCNSPRNW ULIB Ver.6.0+V

เปลี่ยนเป็นภาษาไทย

Change to English
 แสดงรายละเอียดบรรณานุกรม
  กลับหน้าหลัก

Brief Record : Get Marc (ISO 2709) : E-mail record : QR code < ปิดหน้าต่าง
LEADER : 00000nam 2200000uu 4500
001    13399122695
003     ULIB
008    130902s2554||||th 000 0 tha d
020    ^a9786167233147
050  4 ^aQA76.75^bธ472P
100 0  ^aเอกเทพ ภักดีศิริมงคล
245 00 ^aPhotoshop CS5 ฉบับสมบูรณ์/^cเอกเทพ ภักดีศิริมงคล
250    ^aพิมพ์ครั้งที่ 1
260    ^aกรุงเทพฯ :^bสวัสดี ไอที,^c2554
300    ^a592 หน้า :^bภาพประกอบ
650  7 ^aPhotoshop
945    ^p289^l0^i20137
995    ^aทศพร
999    ^aทศพร เกษรทอง
รายการนี้ยังไม่มีแท็ก
คุณยังไม่ได้ล็อกอิน คุณสามารถมีกิจกรรมร่วมกับเว็บไซต์ได้ แต่ต้องล็อกอินก่อน ::
  ล็อกอิน

รายการสื่อสารสนเทศ

ลำดับที่ ประเภท เลขเรียก/บาร์โค้ด สถานที่ สถานะ
1. การศึกษาทั่วไป
การศึกษาทั่วไป
QA76.75 ธ472P ฉ.1 
  Barcode: 20137
ห้องสมุดวิทยาเขตนครสวรรค์
►หนังสือทั่วไป:l:General Books
บนชั้น

รายการใกล้เคียง
    ผู้แต่ง [เอกเทพ ภักดีศิริมงคล]

    หัวเรื่อง [Photoshop]

BibComment


ยังไม่เคยถูกคอมเมนท์

คอมเมนท์ทรัพยากรรายการนี้
  คอมเมนท์: Photoshop CS5 ฉบ..


 Copyright 2026. Bcnsprnw @Library